Southville International School and Colleges
Your cart is empty.
  • Cart
  • Lists
    Public lists Eva Luna New books Lux_list list_1
    Your lists Log in to create your own lists
  • Log in to your account
  • Your cookies
  • Search history
Southville International School and Colleges
  • Advanced search
  • Recent comments
  • Most popular
  • Libraries

Log in to your account

Log in with GOOGLE


If you do not have an external account, but do have a local account, you can still log in:

  1. Home
  2. MARC view: Reading habits and comprehensive and intensive booster for efficient reading /
Normal view MARC view ISBD view

Reading habits and comprehensive and intensive booster for efficient reading / (Record no. 361282)

[ view plain ]
MARC details
000 -LEADER
fixed length control field 00845nam a2200241Ia 4500
003 - CONTROL NUMBER IDENTIFIER
control field 0
005 - DATE AND TIME OF LATEST TRANSACTION
control field 20250129095854.0
008 - FIXED-LENGTH DATA ELEMENTS--GENERAL INFORMATION
fixed length control field 190208s9999 xx 000 0 und d
050 ## - LIBRARY OF CONGRESS CALL NUMBER
Classification number PGS LB 1050.9
Item number .A1478 2016
100 ## - MAIN ENTRY--PERSONAL NAME
Personal name Alzona, Mikhail Astin M.
245 ## - TITLE STATEMENT
Title Reading habits and comprehensive and intensive booster for efficient reading /
Statement of responsibility, etc Mikhail Astin M. Alzona.
260 ## - PUBLICATION, DISTRIBUTION, ETC. (IMPRINT)
Place of publication, distribution, etc Las Pinas City, Philippines :
Name of publisher, distributor, etc Southville International School and Colleges,
Date of publication, distribution, etc 2016.
300 ## - PHYSICAL DESCRIPTION
Extent 22 p. :
Other physical details ill. ;
Dimensions 28 cm.
504 ## - BIBLIOGRAPHY, ETC. NOTE
Bibliography, etc Includes bibliographical references.
650 ## - SUBJECT ADDED ENTRY--TOPICAL TERM
Topical term or geographic name as entry element Reading habits.
650 ## - SUBJECT ADDED ENTRY--TOPICAL TERM
Topical term or geographic name as entry element Reading comprehension.
650 ## - SUBJECT ADDED ENTRY--TOPICAL TERM
Topical term or geographic name as entry element Reading
Form subdivision Study and teaching.
650 ## - SUBJECT ADDED ENTRY--TOPICAL TERM
Topical term or geographic name as entry element Reading
Form subdivision Instruction and study.
650 ## - SUBJECT ADDED ENTRY--TOPICAL TERM
Topical term or geographic name as entry element Efficient reading.
650 ## - SUBJECT ADDED ENTRY--TOPICAL TERM
Topical term or geographic name as entry element Intensive reading.
650 ## - SUBJECT ADDED ENTRY--TOPICAL TERM
Topical term or geographic name as entry element Reading skills.
942 ## - ADDED ENTRY ELEMENTS (KOHA)
Source of classification or shelving scheme Library of Congress Classification
Koha item type PASS
Holdings
Withdrawn status Lost status Source of classification or shelving scheme Damaged status Home library Current library Shelving location Date acquired Source of acquisition Total Checkouts Full call number Barcode Date last seen Date checked out Price effective from Koha item type
    Library of Congress Classification   Luxembourg Library Luxembourg Library Portfolio Assessment of SISC Students Section 02/08/2019 Donation 1 PGS LB 1050.9 .A1478 2016 P3554 06/10/2019 05/10/2019 02/08/2019 PASS

Reading habits and comprehensive and intensive booster for efficient reading /

APA

Alzona M. A. M., . (2016). Reading habits and comprehensive and intensive booster for efficient reading. Las Pinas City, Philippines: Southville International School and Colleges.

Chicago

Alzona Mikhail Astin M, . 2016. Reading habits and comprehensive and intensive booster for efficient reading. Las Pinas City, Philippines: Southville International School and Colleges.

Harvard

Alzona M. A. M., . (2016). Reading habits and comprehensive and intensive booster for efficient reading. Las Pinas City, Philippines: Southville International School and Colleges.

MLA

Alzona Mikhail Astin M, . Reading habits and comprehensive and intensive booster for efficient reading. Las Pinas City, Philippines: Southville International School and Colleges. 2016.

  • Print
  • Cite
  • Add to your cart (remove)
  • Save record
    BIBTEX Dublin Core MARCXML MARC (non-Unicode/MARC-8) MARC (Unicode/UTF-8) MARC (Unicode/UTF-8, Standard) MODS (XML) RIS
  • More searches
    Search for this title in:
    Other Libraries (WorldCat) Other Databases (Google Scholar) Online Stores (Bookfinder.com) Open Library (openlibrary.org)

Exporting to Dublin Core...

SOUTHVILLE LIBRARY

Southville International School and Colleges Library

1281 Tropical Ave. Cor. Luxembourg St., BF Homes International, Las Pinas City

Tel. No. 8256374 / 252358 Loc. 117/146

Powered by Koha